000 00708nam a2200289Ia 4500
005 20260324145001.0
008 008 260324s9999 xx 000 0 eng d
020 _a9780203056646
037 _aEBOOK
040 _aCRL
040 _beng
040 _cCRL
041 _2eng
041 _aeng
084 _qCRL
100 _aS. F. Chipman; J. W. Segal; R. Glaser
_91221333
245 0 _aThinking and Learning Skills
245 0 _bVolume 2: Research and Open Questions
260 _bTaylor and Francis
260 _c1985
365 _a
365 _b230
856 _uhttp://www.taylorfrancis.com/books/9780203056646
942 _cEBOOK
999 _c1828622
_d1828622